000 01315nam a2200349Ia 4500
001 ebr10660221
003 CaPaEBR
006 m u
007 cr cn|||||||||
008 080610s2009 nyua sb 001 0 eng d
010 _z 2008023431
020 _z1604567120 (hardcover)
020 _z9781604567120 (hardcover)
020 _z9781607419068 (ebook)
040 _aCaPaEBR
_cCaPaEBR
035 _a(OCoLC)430201792
050 1 4 _aHF1414
_b.R34 2009eb
082 0 4 _a337
_222
100 0 _aRajagopal,
_d1957-
245 1 0 _aGlobalization thrust
_h[electronic resource] :
_bdriving nations competitive /
_cRajagopal.
260 _aNew York :
_bNova Science Publishers,
_cc2009.
300 _ax, 344 p. :
_bill.
504 _aIncludes bibliographical references and index.
533 _aElectronic reproduction.
_bPalo Alto, Calif. :
_cebrary,
_d2013.
_nAvailable via World Wide Web.
_nAccess may be limited to ebrary affiliated libraries.
650 0 _aCompetition, International.
650 0 _aGlobalization.
650 0 _aInternational economic relations.
650 0 _aInternational trade.
655 7 _aElectronic books.
_2local
710 2 _aebrary, Inc.
856 4 0 _uhttp://site.ebrary.com/lib/rucke/Doc?id=10660221
_zAn electronic book accessible through the World Wide Web; click to view
999 _c66605
_d66605